Statistics for The Joker Quiz

Click here to take the quiz!

General Stats

  • This quiz has been taken 254 times
    (160 since last reset)
  • The average score is 12 of 18

Answer Stats

HintAnswer% Correct
What color is Joker's hair?Green
95%
Joker's arch enemyBatman
92%
What color is Joker's suit?Purple
92%
What color is Joker's makeup?White
87%
Who is Joker's girlfriend?Harley Quinn
85%
Joker Actor-The Dark KnightHeath Ledger
85%
Joker Actor-Suicide SquadJared Leto
78%
Joker Actor-JokerJoaquin Phoenix
74%
Where does Joker live?Gotham
72%
Actress of the aboveMargot Robbie
62%
Joker Actor-BatmanJack Nicholson
60%
Joker Voice ActorMark Hamill
60%
Who kills Joker in Injustice: Gods Among UsSuperman
53%
Last movie of the above feauturing JokerThe Dark Knight
50%
Which Robin did Joker kill?Jason Todd
49%
In what year was Joker created?1940
48%
Which Batman sidekick did Joker paralyze?Batgirl
43%
Joker Actor-Batman ( series )Cesar Romero
30%

Score Distribution

Percentile by Number Answered

Percent of People with Each Score

Your Score History

You have not taken this quiz since the last reset